书目信息 |
| 题名: |
随机过程及应用
|
|
| 作者: | 徐全智 主编 | |
| 分册: | ||
| 出版信息: | 北京 高等教育出版社 2013 |
|
| 页数: | 251页 | |
| 开本: | 23cm | |
| 丛书名: | ||
| 单 册: | ||
| 中图分类: | O211.6 | |
| 科图分类: | ||
| 主题词: | 随机过程--高等学校--教材 | |
| 电子资源: | ||
| ISBN: | 978-7-04-037348-6 | |
| 000 | 00878nam0 2200241 450 | |
| 001 | 0102904669 | |
| 005 | 20130730133444.0 | |
| 010 | @a978-7-04-037348-6@dCNY28.00 | |
| 100 | @a20130711d2013 em y0chiy0120 ea | |
| 101 | 0 | @achi |
| 102 | @aCN@b110000 | |
| 105 | @ay z 000yy | |
| 106 | @ar | |
| 200 | 1 | @a随机过程及应用@9Sui Ji Guo Cheng Ji Ying Yong @f徐全智主编@b专著@dStochastic processes with its applications@zeng |
| 210 | @a北京@c高等教育出版社@d2013 | |
| 215 | @a251页@d23cm | |
| 330 | @a本书共五章,主要内容包括随机过程基本概念、几种重要随机过程、均方微积分、平稳过程和马尔可夫过程,书后附阅读本书所需预备知识介绍。 | |
| 510 | 1 | @aStochastic processes with its applications@zeng |
| 606 | 0 | @a随机过程@x高等学校@j教材 |
| 690 | @aO211.6@v5 | |
| 701 | 0 | @a徐全智@c(数学)@4主编@9xu quan zhi |
| 801 | 0 | @aCN@bAZmarc@c20230906 |
| 905 | @aBZT@dO211.6@e1@f1@sO211.6/1 | |
| 随机过程及应用/徐全智主编=Stochastic processes with its applications.-北京:高等教育出版社,2013 |
| 251页;23cm |
| ISBN 978-7-04-037348-6:CNY28.00 |
| 本书共五章,主要内容包括随机过程基本概念、几种重要随机过程、均方微积分、平稳过程和马尔可夫过程,书后附阅读本书所需预备知识介绍。 |
| ● |
| 相关链接 |
|
|
|
正题名:随机过程及应用
索取号:O211.6/1
 
预约/预借
| 序号 | 登录号 | 条形码 | 馆藏地/架位号 | 状态 | 备注 |
| 1 | 2000007498 | 2000007498 | 旧书回溯/ [索取号:O211.6/1] | 在馆 |